| 000 | 01464nam a2200313 i 4500 | ||
|---|---|---|---|
| 001 | 768714001 | ||
| 003 | CO-MdFUSB | ||
| 005 | 20240618062722.0 | ||
| 007 | ta | ||
| 008 | 211020txxu xxud|||| |||| 00| 0 spa d | ||
| 020 | _q[No incluye ISBN] | ||
| 040 |
_aCO-MdFUSB _bspa _cCO-MdFUSB _dCO-MdFUSBC _erda |
||
| 041 | _aspa | ||
| 082 |
_223 _a301.072 _bAR662 |
||
| 100 |
_aArango Otálvaro, Omar, _eautor |
||
| 245 |
_aEvangelización y cultura : _bantropología cultural proyecto y práctica _c/ Omar Arango Otálvaro |
||
| 264 | 0 |
_a[Lugar de producción no identificado] _bInstituto Misionero de Antropología, _c[Fecha de producción no identificada] |
|
| 300 |
_a83 páginas _c; 22 cm |
||
| 336 |
_2rdacontent _atexto _btxt |
||
| 337 |
_2rdamedia _asin mediación _bn |
||
| 338 |
_2rdacarrier _avolumen _bnc |
||
| 505 | _aLa formulación de problemas de investigación. -- Los objetivos de investigación. -- La hipótesis: nociones generales. -- Conceptos y variables. -- Niveles de investigación y características. -- La ciencia y el método científico. -- El marco teórico. -- El diseño de investigación. -- Técnicas de recolección de datos. -- Muestreo. -- Técnicas de análisis de datos. -- Informe de investigación. -- Diseño del proyecto de investigación. | ||
| 563 | _aRústico | ||
| 650 | 7 |
_96999 _aInvestigación _2embne |
|
| 650 | 7 |
_96714 _aAntropología cultural y social |
|
| 650 | 0 |
_aMisiones _9154 |
|
| 942 | _cBK | ||
| 945 | _aJTF-925 | ||
| 999 |
_c66972 _d66972 |
||